| 000 | 01254cab a2200205 4500 | ||
|---|---|---|---|
| 001 | ##L134615 | ||
| 008 | 060818n2006 000 0 eng u | ||
| 035 | _a(Sirsi) u134615 | ||
| 041 | 0 | _aeng | |
| 100 | 1 | _aHinds, Jeremy | |
| 245 | 0 | 0 |
_aProposed changes to the Planning Act and the implications for retail mezzanines _ba problem from nowhere |
| 260 | _c2006 | ||
| 490 | 0 |
_aJournal of Retail and Leisure Property _v5(2) 2006, 117-120(4) |
|
| 520 | _aThere is a perception that there has been a sudden increase in new retail floor space at first-floor or mezzanine level as a result of planning decisions which support arguments that such floor space does not require planning permission. Critics of the retail industry argue that the current Planning Act creates a loophole that is exploited by retailers to the detriment of planning policy objectives that seek to encourage new retail investment in town centres. Examines whether this perception is supported by the facts, and whether there is need for legislative changes. [Taken from journal abstract]. | ||
| 590 | _aIKA220806 | ||
| 650 | 2 | 4 | _aTOWN AND COUNTRY PLANNING ACT 1990 S55 |
| 651 | 4 |
_aEngland and Wales _y1543- |
|
| 690 | _aPROPERTY-COMMERCIAL PROPERTY-RETAIL PROPERTY | ||
| 942 | _n0 | ||
| 999 |
_c77589 _d77589 |
||